Responses for show #4016 - Monday, February 4, 2002

2002 Teen Tournament quarterfinal game 1.

Contestants

George Nelson, a senior from Montgomery, Alabama

Seveen Kannankara, a junior from Bergenfield, New Jersey

Seth Disner, a senior from Los Angeles, California

Jeopardy! Round responses

"E"OPLE
GOING TO COLLEGE
ACTION MOVIE
STATES OF THE UNION
FEATHERED FRIENDS
HOMOPHONES
    $200 21
Edward

George
    $200 16
valedictorian

Seth
    $200 1
Titanic

Seveen
    $200 6
Alaska

Seth
    $200 11
white

Seth
    $200 26
a yew/ewe

George
    $400 22
Edison

George
    $400 17
early

Seth
    $400 2
James Bond

Seth
    $400 7
Connecticut

Triple Stumper
    $400 12
a tuxedo

George
    $400 27
a carat/carrot

Seth
    $600 23
Eisenhower

Seveen
    $600 18
(George: What is Siemens Westinghouse?)
[Initially ruled incorrect; reversed before Double Jeopardy!]

Intel

SeveenGeorge
    $600 3
Twister

Seth
    $2,000 8
West Virginia

Seth
    $600 13
a peacock

Seveen
    $600 28
baron/barren

Triple Stumper
    $800 24
Amelia Earhart

Seth
    $800 19
California

Seth
    $800 4
Behind Enemy Lines

Seth
    $800 9
Vermont

Seveen
    $800 14
flamingoes

George
    $800 29
taut/taught

George
    $1000 25
(Wyatt) Earp

Seth
    $1000 20
a GED

Seth
    $1000 5
Apollo 13

Seth
    $1000 10
(George: What is Colorado?)
(Seth: What is California?)

South Dakota

SethGeorge
Triple Stumper
    $1000 15
kiwis

Seth
    $1000 30
a lorry/lory

Seveen

Scores at the first commercial break (after clue 15):

Seth Seveen George
$5,200 $1,600 $200

Scores at the end of the Jeopardy! Round:

Seth Seveen George
$9,800 $3,800 $2,400

Double Jeopardy! Round responses

"E"OGRAPHY
ARE YOU READY FOR SOME FOOTBALL?
DIALOGUE BY SHAKESPEARE
(Alex: We want you to name the play.)
TEENS IN HISTORY
THE ELEMENTS
SPANISH CLASS
    $400 1
Egypt

George
    $400 12
Notre Dame

Seveen
    $400 17
Antony and Cleopatra

George
    $400 11
Napoleon

Seth
    $400 6
chlorine

Seth
    $400 22
money

Seth
    $800 2
Edmonton

George
    $800 23
Monday Night Football

Seth
    $800 18
The Merchant of Venice

George
    $800 13
John Smith

George
    $800 7
hydrogen

Seveen
    $800 26
rice & beans

Seth
    $1200 3
(Seveen: What is Geneva?)

Edinburgh

SethSeveen
    $1200 24
Joe Montana

Seth
    $1200 19
Macbeth

Seth
    $1200 14
(Seth: Who was Joan of Arc?)

Florence Nightingale

SethSeveen
    $1200 8
lead

Seth
    $1200 28
a desk

George
    $3,000 4
Ecuador

Seth
    $1600 25
the Raiders

Seveen
    $1600 20
King Lear

George
    $1600 15
Rhodes

Seth
    $1600 9
bromine

Seth
    $1600 29
a brother

Seth
    $2000 5
the English Channel

George
    $2000 27
the Carolina Panthers

Seth
    $3,000 21
The Taming of the Shrew

George
    $2000 16
Nelson

George
    $2000 10
nobelium

George
    $2000 30
(Seth: What is -mani?)

-ly

SethSeveen

Scores at the end of the Double Jeopardy! Round:

Seth Seveen George
$24,000 $8,600 $17,400

Final Jeopardy! Round responses

ANNUAL EVENTS
SeveenWhat is the Chicago Marathon?
$5,600
GeorgeWhat is the Boston Marathon?
$50
SethWhat is the Boston Marathon
$10,800
the Boston Marathon

Final scores:

Seth Seveen George
$34,800 $3,000 $17,450
Automatic semifinalist 3rd place: $2,500 if eliminated 2nd place: $2,500 if eliminated

Game dynamics:

Coryat scores:

Seth Seveen George
$21,200 $8,600 $16,400
29 R
(including 2 DDs),
3 W
11 R,
1 W
18 R
(including 1 DD),
1 W

Combined Coryat: $46,200

The J! Archive is created by fans, for fans. The Jeopardy! game show and all elements thereof, including but not limited to copyright and trademark thereto, are the property of Jeopardy Productions, Inc. and are protected under law. This website is not affiliated with, sponsored by, or operated by Jeopardy Productions, Inc. Join the discussion at JBoard.tv.